Servicios de salud en México / (Registro nro. 260)

Detalles MARC
000 -LEADER
fixed length control field 01074 am a2200265 a 4500
005 - FECHA ULTIMA MODIFICACION
control field 20240524090933.0
008 - CAMPO DE CONTROL (LIBRO)
fixed length control field 100427s2009||||mx a f |||| 001 0 spa d
020 ## - INTERNATIONAL STANDARD BOOK NUMBER
ISBN 9786077504283
041 ## - CODIGO DE IDIOMA
Código de idioma del texto/pista de sonido o título separado spa
092 ## - SIGNATURA TOPOGRAFICA DEWEY LOCAL
número de clasificación 614.72
libristica 77
sección SAN
100 1# - ENTRADA PRINCIPAL--NOMBRE PERSONAL
Nombre personal Sánchez González, Jorge Manuel.
9 (RLIN) 589
245 ## - TITULO PROPIAMENTE DICHO
Título Servicios de salud en México /
Mención de responsabilidad y remanente de la transcripción de la portada Jorge Manuel Sánchez González
250 ## - MENCION DE EDICION
Mención de edición 1a ed.
Mención de responsabilidad relacionada con la ed. Colección Platino Academia Mexicana de Cirugía
260 ## - PIE DE IMPRENTA
Lugar de publicación, distribución, etc México:
Nombre de la editorial, distribuidor, etc Alfil;
Fecha de publicación 2009.
300 ## - DESCRIPCION FISICA
Extension 465 p.
500 ## - NOTA GENERAL
Nota general Sánchez González, J. M. y Ramírez Barba, É. J. (2009). Servicios de Salud en México. (1a ed.). México : Alfil.
590 ## - NOTAS LOCALES (RLIN)
Nota local Donación Academia Mexicana de Cirugía, 2010
653 ## - TÉRMINO INDIZADO - PALABRAS CLAVES
Palabra clave Federalismo y servicios de salud en los Estados Unidos Mexicanos, órganos de gobierno de los servicios estatales de salud
653 ## - TÉRMINO INDIZADO - PALABRAS CLAVES
Palabra clave Consejo Nacional de Salud
653 ## - TÉRMINO INDIZADO - PALABRAS CLAVES
Palabra clave Atención de discapacidad en México
653 ## - TÉRMINO INDIZADO - PALABRAS CLAVES
Palabra clave Interacción del sistema nacional de salud
700 1# - ENTRADAS SECUNDARIAS - NOMBRE PERSONAL
Nombre personal Ramírez Barba, Éctor Jaime.
9 (RLIN) 590
930 ## - NUMERO DE INVENTARIO
Número de inventario 2100
942 ## - ADDED ENTRY ELEMENTS (KOHA)
Source of classification or shelving scheme Dewey Decimal Classification
Item type Libros
Existencias
Estado de retiro Existencia Estado general No para prestamo Ubicación permanente ubicación actual Sala de ubicación Fecha de adquisición Total Checkouts Número de clasificación Código de barras Date last seen Número de ejemplar Price effective from Koha tipo de elemento (item)
        Biblioteca Medicina Biblioteca Medicina Circulación 13/05/2011   614.72 77 SAN 2100 06/11/2014 ej.1 13/05/2011 Libros

UNIVERSIDAD NACIONAL DEL COMAHUE
Biblioteca de la Facultad de Ciencias Médicas
Sede Toschi: Los Arrayanes y Av. Toschi, Cipolletti  - Rio Negro
Sede Los Tordos:  Yrigoyen al 2211, Cipolletti - Rio Negro 

Teléfono: 0299 - 4774707 int 25
Contacto: biblioteca@facimed.uncoma.edu.ar
© 2011 - 2026